000 00451nam a2200181Ia 4500
008 100917s9999 xx 000 0 und d
082 _b63664
100 _aदेवधर ज्योत्स्ना
245 _aगजगे
260 _bशकुन प्रकाशन
_c1983
300 _a174
365 _b25
520 _aकथा
630 _aगजगे
650 _aकथा
730 _aगजगे
942 _cBOOK
999 _c669058
_d669055